00250nam a2200097Ia 4500008004100000082001700041100001600058245003700074260002100111300002000132230907s9999||||xx |||||||||||||| ||und|| a621.811bLEE aLees, A. W. 0aVibration problems in machines : aCRC Press,c2016 axv, 331 pages :